000 00445nam a2200181Ia 4500
001 23762
005 20260414150959.0
008 260414t2012||||xx |||||||||||||| ||spa||
041 _aESP
082 _a708.94652
_bF48
110 _aGobierno de Navarra
245 0 _aFiguraciones en los fondos del museo de Navarra
_b
260 _c2012
300 _a205 páginas :
_c29 cm.
650 _aABD
654 _aCAU
942 _cLIB
_dJUS
_fJUS
_2ddc
_n
999 _c23762
_d23762